000 01344njm a22002777a 4500
005 2010091408368.0
006 a|||||r|||||00| 0
007 sd ammalaaahaa
008 100907t xxu||||| |||| 00| 0 eng d
028 _aMOCE. 4010
_bODEON
035 _aGR-02121
100 _aMohammad Rafi
_918693
245 _aPyaasa /
_cby Mohammad Rafi; music by Sachin Dev Burman; lyric by Sahir Ludhianvi
_h[Sound recording]
246 _aप्यासा / मोहम्मद रफ़ी द्वारा
260 _aDum Dum, India
_bODEON
_c1971
300 _a1 sound disc [Gramophone Recording]
_banalog, 33 1/3rpm ;
_c12 in. (LP)
_fGramaphone Records
500 _aBrief record
500 _aRecord Labels : ODEON, Black
505 _aSide-1 यह हंसी हुए फूल यह महका हुआ गुलशन (Yeh hansi huye phool yeh mehka hua gulshan) (Mohammad Rafi) --Side-2 तंग आ चुके हैं कश्मकशे ज़िन्दगी से हम (Tang aa chuke hain kashmakashe Zindagi se hum) (Hemant Kumar)
600 _aMohammad Rafi
_919892
650 _aFilm songs
_xExcerpts
_zIndia
_918694
700 _aBurman, Sachin Dev
_918695
700 _aSahir Ludhianvi
_919980
942 _2ddc
_cGR
999 _c45678
_d45678